مكتبة جامعة عجلون الوطنية

فهرس بحث المكتبة

اثر الإدارة الإلكترونية في التنمية المستدامة لخدمات المستشفيات الخاصة في إقليم الشمال = The Impact of Electronic Management on Sustainable Development of Private Hospital Services at the Northern Region (Record no. 33928)

MARC details
000 -LEADER
fixed length control field 01088nam a22001937a 4500
003 - CONTROL NUMBER IDENTIFIER
control field JO-AjAnu
005 - DATE AND TIME OF LATEST TRANSACTION
control field 20250714021507.0
008 - FIXED-LENGTH DATA ELEMENTS--GENERAL INFORMATION
fixed length control field 250714b jo ||||| |||| 00| 0 ara d
040 ## - CATALOGING SOURCE
Original cataloging agency ANU
Transcribing agency JO-AjAnu
041 ## - LANGUAGE CODE
Language code of original ARA
100 ## - MAIN ENTRY--PERSONAL NAME
Personal name المومني، ايهاب امين محمد
Relator term معد
9 (RLIN) 66565
245 ## - TITLE STATEMENT
Title اثر الإدارة الإلكترونية في التنمية المستدامة لخدمات المستشفيات الخاصة في إقليم الشمال = The Impact of Electronic Management on Sustainable Development of Private Hospital Services at the Northern Region
Statement of responsibility, etc. / إعداد ايهاب امين محمد المومني ؛ اشراف امجد فهد الطويقات
260 ## - PUBLICATION, DISTRIBUTION, ETC.
Date of publication, distribution, etc. 2025
300 ## - PHYSICAL DESCRIPTION
Extent 78 ورقة
500 ## - GENERAL NOTE
General note رسالة جامعية (رسالة ماجستير في ادارة الأعمال) - جامعة عجلون الوطنية (الاردن-عجلون)، كلية الأعمال ، 2025
600 ## - SUBJECT ADDED ENTRY--PERSONAL NAME
Form subdivision الإدارة-معالجة البيانات
700 ## - ADDED ENTRY--PERSONAL NAME
Personal name الطويقات، امجد فهد
Relator term مشرف
9 (RLIN) 66566
942 ## - ADDED ENTRY ELEMENTS (KOHA)
Source of classification or shelving scheme Library of Congress Classification
Koha item type Thesis
Suppress in OPAC No
Holdings
Withdrawn status Lost status Source of classification or shelving scheme Damaged status Not for loan Home library Current library Date acquired Total Checkouts Full call number Barcode Date last seen Price effective from Koha item type
    Library of Congress Classification     مكتبة جامعة عجلون الوطنية مكتبة جامعة عجلون الوطنية 14/07/2025   HD30.2.2025 A30316 14/07/2025 14/07/2025 Thesis
    Library of Congress Classification     مكتبة جامعة عجلون الوطنية مكتبة جامعة عجلون الوطنية 14/07/2025   HD30.2.2025 A30315 14/07/2025 14/07/2025 Thesis